000 00322nam a22001337a 4500
999 _c55038
_d55038
008 200205b ||||| |||| 00| 0 eng d
041 _aeng
080 _2043.3
_a043.3
082 _a043.3
100 _a0
101 _aINF
245 _aKujdesi Infermieror ndaj të Sëmurëve me Tuberkuloz
_cLaçaj,H
942 _2udc
_cBK